El impacto de la gran crisis mundial sobre el derecho del trabajo y la seguridad social. Su incidencia en España, Europa, y Brasil, 2008-2014 (Registro nro. 11704)

Detalles MARC
000 -LEADER
fixed length control field 01279nam a2200265Ia 4500
003 - CONTROL NUMBER IDENTIFIER
control field OSt
005 - DATE AND TIME OF LATEST TRANSACTION
control field 20210514105403.0
008 - FIXED-LENGTH DATA ELEMENTS--GENERAL INFORMATION
fixed length control field 210310s2014 sp gr 000 0 spa d
020 ## - INTERNATIONAL STANDARD BOOK NUMBER
International Standard Book Number 9788415690481
040 ## - CATALOGING SOURCE
Original cataloging agency CO-JMCR
Transcribing agency CO-JMCR
041 0# - LANGUAGE CODE
Language code of text/sound track or separate title spa
082 04 - DEWEY DECIMAL CLASSIFICATION NUMBER
Classification number 330.98 /
Item number G215i
Edition number 23
100 1# - MAIN ENTRY--PERSONAL NAME
Personal name García, Jose Ignacio,
Relator term autor
9 (RLIN) 26235
245 13 - TITLE STATEMENT
Title El impacto de la gran crisis mundial sobre el derecho del trabajo y la seguridad social. Su incidencia en España, Europa, y Brasil, 2008-2014
Statement of responsibility, etc. Jose Ignacio García
260 ## - PUBLICATION, DISTRIBUTION, ETC.
Place of publication, distribution, etc. Barcelona, España :
Name of publisher, distributor, etc. Atelier,
Date of publication, distribution, etc. 2014.
300 ## - PHYSICAL DESCRIPTION
Extent 1032 páginas :
Other physical details ilustraciones y gráficas en blanco y negro ;
Dimensions 24 cm.
490 0# - SERIES STATEMENT
Series statement Laboral
501 ## - WITH NOTE
With note Con: notas a pie de página.
504 ## - BIBLIOGRAPHY, ETC. NOTE
Bibliography, etc. note Bibliografía: páginas 967-968.
505 0# - FORMATTED CONTENTS NOTE
Formatted contents note Cuestiones generales. -- Sectores económicos y geográficos. -- La seguridad social en tiempos de crisis. -- Los tribunales y la crisis. -- La crisis en diferentes países.
520 0# - SUMMARY, ETC.
Summary, etc. Este libro recoge solamente una parte de las muchas investigación y sesiones llevadas a cabo en la facultad de Derecho de la Universidad de Barcelona.
650 14 - SUBJECT ADDED ENTRY--TOPICAL TERM
Topical term or geographic name entry element Trabajo y seguridad social.
Geographic subdivision España
9 (RLIN) 37629
650 24 - SUBJECT ADDED ENTRY--TOPICAL TERM
Topical term or geographic name entry element Derecho laboral
General subdivision impacto mundial
Geographic subdivision España
9 (RLIN) 37630
942 ## - ADDED ENTRY ELEMENTS (KOHA)
Source of classification or shelving scheme Dewey Decimal Classification
Koha item type Books
Existencias
Withdrawn status Lost status Source of classification or shelving scheme Damaged status Not for loan Home library Current library Shelving location Date acquired Source of acquisition Full call number Barcode Date last seen Copy number Price effective from Koha item type
    Dewey Decimal Classification     Biblioteca Pública José María del Castillo y Rada Biblioteca Pública José María del Castillo y Rada General Stacks 04/15/2018 Donación 330.98 / G215i 430002152 05/16/2024 Ej.1 03/10/2021 Books